000 01053nam a22002537a 4500
005 20170124103200.0
010 _aB-058343
020 _c00.00
035 _aB-058343
037 _bCen Lib/Ret
040 _aDPL
_bHN
082 _a239.1
_bकृपाल
100 _aकृपाल सिंह
_991537
245 _aजीवन-चक्र :
_cकृपाल सिंह
_bकर्म और फल का नियम /
246 _aJeevan-chakr : karm aur fal ka niyam /
_bby Kripal Singh
260 _bसावन कृपाल पब्लिकेशन्स
_aदिल्ली
_c1999
270 _aसंत कृपाल सिंह मार्ग, विजय नगर
_bदिल्ली
_e110009
300 _a74पृ.
_c20सेमी(सजिल्द)
650 _aकर्म चक्र
_91541
650 _aसामाजिक -- आचरण
_9147
650 _aAction cycle
_991538
650 _aSocial - Practices
_991539
942 _2ddc
_cHN
_h239.1
_mकृपाल
999 _c120608
_d120608